ज्ञान शब्द कोश (Record no. 1022576)
[ view plain ]
| 000 -LEADER | |
|---|---|
| fixed length control field | 00973nam a2200265Ia 4500 |
| 003 - CONTROL NUMBER IDENTIFIER | |
| control field | OSt |
| 005 - DATE AND TIME OF LATEST TRANSACTION | |
| control field | 20221005111701.0 |
| 008 - FIXED-LENGTH DATA ELEMENTS--GENERAL INFORMATION | |
| fixed length control field | 221004b |||||||| |||| 00| 0 hin d |
| 037 ## - SOURCE OF ACQUISITION | |
| Terms of availability | Textual |
| 040 ## - CATALOGING SOURCE | |
| Original cataloging agency | CRL |
| Transcribing agency | CRL |
| Language of cataloging | hin |
| 041 ## - LANGUAGE CODE | |
| Source of code | hin |
| Language code of text/sound track or separate title | hin |
| 100 ## - MAIN ENTRY--PERSONAL NAME | |
| Personal name | श्रीवास्तव, मुकुन्दीलाल |
| 245 #0 - TITLE STATEMENT | |
| Title | ज्ञान शब्द कोश |
| Remainder of title | शब्द संख्या 72555 |
| 246 ## - VARYING FORM OF TITLE | |
| Title proper/short title | Jnyān shabda kosha: shabda sankhyā 72555 |
| 260 ## - PUBLICATION, DISTRIBUTION, ETC. | |
| Place of publication, distribution, etc. | बनारस |
| Name of publisher, distributor, etc. | ज्ञानमण्डल लिमिटेड भारत |
| Date of publication, distribution, etc. | 1983 |
| 300 ## - PHYSICAL DESCRIPTION | |
| Extent | 1006पृ. |
| Dimensions | cm. |
| 650 ## - SUBJECT ADDED ENTRY--TOPICAL TERM | |
| Topical term or geographic name entry element | हिन्दी भाषा |
| 650 ## - SUBJECT ADDED ENTRY--TOPICAL TERM | |
| Topical term or geographic name entry element | हिन्दी शब्दकोश |
| 942 ## - ADDED ENTRY ELEMENTS (KOHA) | |
| Classification part | P152:4k, M6 |
| Koha item type | Textual |
| Source of classification or shelving scheme | |
| Withdrawn status | Lost status | Damaged status | Not for loan | Home library | Current library | Date acquired | Total Checkouts | Full call number | Barcode | Date last seen | Price effective from | Koha item type |
|---|---|---|---|---|---|---|---|---|---|---|---|---|
| Central Library | Central Library | 2022-10-05 | P152:4k M6 | BL1038552 Bra | 2022-10-05 | 2022-10-05 | Textual |
